000 00405nam a22001697a 4500
003 OSt
005 20160523102325.0
008 160523b xxu||||| |||| 00| 0 eng d
020 _a0-13-528910-6
040 _cn/a
050 _aQA 76.73
_b.C153 D45 1997
100 _adeitel, harvey m.
245 _aC++ how to program
250 _a2nd ed
260 _anew jersey
_bprentice hall
942 _2lcc
_cBK
999 _c253937
_d253936